[Event "COL-chT 21st"]
[Site "Cartagena"]
[Date "2019.11.30"]
[Round "8.2"]
[White "Diaz, Luisa Fernanda"]
[Black "Franco Valencia, Beatriz Irene"]
[Result "0-1"]
[WhiteElo "1628"]
[BlackElo "2127"]
[PlyCount "116"]
[EventDate "2019.11.30"]
[EventType "team-swiss"]
[EventRounds "9"]
[EventCountry "COL"]
[SourceTitle "CBM 195 Extra"]
[Source "ChessBase"]
[SourceDate "2020.05.31"]
[SourceVersion "1"]
[SourceVersionDate "2020.05.31"]
[SourceQuality "1"]
[WhiteTeam "Tolima"]
[BlackTeam "Bolivar"]
[WhiteTeamCountry "COL"]
[BlackTeamCountry "COL"]

1. d4 g6 2. Bg5 Bg7 3. e3 d6 4. h4 h6 5. Bf4 Nd7 6. Nf3 e5 7. Bg3 Ne7 8. Bd3 0-0 9. Nbd2 f5 10. dxe5 dxe5 11. Bc4+ Kh7 12. 0-0 f4 13. Bh2 c6 14. Ne4 Bf6 15. Nxf6+ Nxf6 16. Qxd8 Rxd8 17. Nxe5 Bf5 18. Bd3 Rd5 19. Bxf4 Bxd3 20. Nxd3 Nf5 21. Be5 Ng4 22. e4 Ra5 23. exf5 Nxe5 24. Nxe5 Rxe5 25. fxg6+ Kxg6 26. Rfe1 Rae8 27. Kf1 Kf6 28. Rxe5 Rxe5 29. Re1 Rb5 30. b3 Ra5 31. a4 b5 32. axb5 cxb5 33. Rd1 Ke6 34. Ke2 b4 35. Rd4 Re5+ 36. Kd2 a5 37. Rd8 Rf5 38. f3 Rf4 39. Ra8 Rxh4 40. Rxa5 Rh2 41. Ra6+ Ke5 42. Kd3 h5 43. Rh6 Kf4 44. Rf6+ Ke5 45. Rh6 Kf4 46. Rb6 Rxg2 47. Rxb4+ Kxf3 48. Rh4 Rg5 49. c4 Kg3 50. Rh1 Kg2 51. Rh4 Kg3 52. Rh1 Kg2 53. Rxh5 Rxh5 54. b4 Kf3 55. b5 Kf4 56. b6 Ke5 57. Kc3 Kd6 58. Kb4 Ke5 0-1

[Event "COL-ch U18 Girls"]
[Site "Fusagasuga"]
[Date "2019.06.27"]
[Round "2"]
[White "Diaz, Luisa Fernanda"]
[Black "Ruiz Jaraba, Valentina Sofia"]
[Result "0-1"]
[WhiteElo "1682"]
[BlackElo "1562"]
[PlyCount "96"]
[EventDate "2019.06.26"]
[EventType "swiss (rapid)"]
[EventRounds "3"]
[EventCountry "COL"]
[SourceTitle "CBM 191 Extra"]
[Source "ChessBase"]
[SourceDate "2019.09.30"]
[SourceVersion "1"]
[SourceVersionDate "2019.09.30"]
[SourceQuality "1"]

1. e4 c5 2. Nf3 d6 3. Bb5+ Nd7 4. a4 a6 5. Bc4 Ngf6 6. d3 e6 7. Nc3 Be7 8. a5 Qc7 9. 0-0 Nb8 10. Bd2 Nc6 11. Ne2 0-0 12. Bb3 Rd8 13. Ng3 b5 14. axb6 Qxb6 15. Re1 Qc7 16. Bc3 Bb7 17. d4 cxd4 18. Nxd4 d5 19. e5 Ne4 20. Nxc6 Qxc6 21. Nxe4 dxe4 22. Qg4 Bc5 23. h4 a5 24. Ra4 Qb6 25. Qg3 Bc6 26. Raa1 a4 27. Bc4 Ra7 28. h5 h6 29. Rf1 Rad7 30. Kh2 Bd4 31. b3 Qc5 32. Bxd4 Rxd4 33. f4 exf3 34. gxf3 Rd2+ 35. Kh3 Rxc2 36. Rg1 Qf8 37. Rg2 Rc3 38. Kh2 Rxf3 39. Qg4 Rf5 40. Rg3 Rd2+ 41. Kh3 Rg5 42. Qf4 Rxh5+ 43. Kg4 Rg5+ 44. Kh4 Qe7 45. Qxd2 Rxe5+ 46. Kg4 Re4+ 47. Kf3 Qf6+ 48. Kg2 Rd4+ 0-1

[Event "COL-chT Interligas (Women)"]
[Site "Palmira"]
[Date "2019.04.29"]
[Round "5.1"]
[White "Diaz, Luisa Fernanda"]
[Black "Finley Rosero, Karol Valentina"]
[Result "1/2-1/2"]
[WhiteElo "1662"]
[BlackElo "1520"]
[PlyCount "80"]
[EventDate "2019.04.27"]
[EventType "team-swiss"]
[EventRounds "6"]
[EventCountry "COL"]
[SourceTitle "CBM 190 Extra"]
[Source "ChessBase"]
[SourceDate "2019.07.15"]
[SourceVersion "1"]
[SourceVersionDate "2019.07.15"]
[SourceQuality "1"]
[WhiteTeam "Tolima (W)"]
[BlackTeam "Narino (W)"]
[WhiteTeamCountry "COL"]
[BlackTeamCountry "COL"]

1. e4 c5 2. Nf3 d6 3. Bb5+ Nd7 4. 0-0 a6 5. Bd3 e5 6. c3 Ngf6 7. Bc2 Be7 8. d4 cxd4 9. cxd4 0-0 10. Nc3 b5 11. Ne2 Bb7 12. Ng3 exd4 13. Qxd4 Rc8 14. Qd1 Qc7 15. Nd4 d5 16. exd5 Bxd5 17. Be3 Bc5 18. Ndf5 Rfe8 19. Bb3 Bxb3 20. Qxb3 Bxe3 21. Nxe3 Qe5 22. Rac1 Nc5 23. Qc3 Qxc3 24. Rxc3 b4 25. Rc2 b3 26. axb3 Nxb3 27. Rxc8 Rxc8 28. h3 g6 29. Rd1 Rc1 30. Kf1 Rxd1+ 31. Nxd1 Nd5 32. Ke2 Nf4+ 33. Kf3 Ne6 34. Ne4 Kg7 35. Ke3 f5 36. Nd6 Nec5 37. Nc3 Kf6 38. Nc4 g5 39. f4 h6 40. g3 Ke6 1/2-1/2

[Event "COL-ch U16 sf1"]
[Site "Duitama"]
[Date "2019.04.13"]
[Round "5.1"]
[White "Diaz, Luisa Fernanda"]
[Black "Alvarez Angel, Nelson Eduardo"]
[Result "1/2-1/2"]
[WhiteElo "1662"]
[BlackElo "1974"]
[PlyCount "32"]
[EventDate "2019.04.11"]
[EventType "swiss"]
[EventRounds "6"]
[EventCountry "COL"]
[SourceTitle "EXT 2024"]
[Source "ChessBase"]
[SourceDate "2023.10.10"]
[SourceVersion "1"]
[SourceVersionDate "2023.10.10"]
[SourceQuality "1"]

1. e4 c5 2. Nf3 Nc6 3. d3 d6 4. c4 Nf6 5. Nc3 a6 6. h3 Rb8 7. a4 e5 8. Be3 Be7 9. Be2 0-0 10. 0-0 h6 11. b3 g5 12. g4 Ne8 13. Nd5 Be6 14. Kh2 Ng7 15. Rb1 Bxd5 16. cxd5 Nb4 1/2-1/2

[Event "COL-ch U20 Girls"]
[Site "Medellin"]
[Date "2019.03.15"]
[Round "5"]
[White "Castano, Saray"]
[Black "Diaz, Luisa Fernanda"]
[Result "1/2-1/2"]
[WhiteElo "1584"]
[BlackElo "1699"]
[PlyCount "60"]
[EventDate "2019.03.13"]
[EventType "swiss"]
[EventRounds "7"]
[EventCountry "COL"]
[SourceTitle "CBM 189 Extra"]
[Source "ChessBase"]
[SourceDate "2019.06.03"]
[SourceVersion "1"]
[SourceVersionDate "2019.06.03"]
[SourceQuality "1"]

1. e4 c5 2. Nf3 e6 3. d4 cxd4 4. Nxd4 Nf6 5. Bd3 Nc6 6. Nb3 d5 7. Qe2 Qc7 8. 0-0 Be7 9. f3 0-0 10. Nc3 a6 11. exd5 exd5 12. Be3 Bd6 13. g3 Re8 14. Qd2 Bh3 15. Rf2 Ne5 16. Ne2 Nc4 17. Bxc4 dxc4 18. Nbd4 Qe7 19. Bg5 Bd7 20. Nf4 Qe5 21. Bxf6 Qxf6 22. Nd5 Qe5 23. Nb6 Bc5 24. Nxd7 Qxd4 25. Nxc5 Qxc5 26. Rd1 Qb6 27. Qd4 Re1+ 28. Rf1 Rxf1+ 29. Kxf1 Qxd4 30. Rxd4 b5 1/2-1/2

[Event "COL pre olympic sf3"]
[Site "Dosquebradas"]
[Date "2018.06.03"]
[Round "8"]
[White "Diaz, Luisa Fernanda"]
[Black "Galvis, Augusto"]
[Result "1/2-1/2"]
[WhiteElo "1680"]
[BlackElo "1847"]
[PlyCount "93"]
[EventDate "2018.05.30"]
[EventType "swiss"]
[EventRounds "10"]
[EventCountry "COL"]
[SourceTitle "CBM 184 Extra"]
[Source "ChessBase"]
[SourceDate "2018.06.28"]
[SourceVersion "1"]
[SourceVersionDate "2018.06.28"]
[SourceQuality "1"]

1. e4 c5 2. Nf3 Nc6 3. Bb5 e6 4. Bxc6 bxc6 5. 0-0 g6 6. Nc3 Bg7 7. e5 f5 8. d3 Ne7 9. Be3 Qc7 10. Bxc5 Bxe5 11. Nxe5 Qxe5 12. Be3 Qf6 13. Qd2 h6 14. f4 d6 15. Qf2 a5 16. Rae1 0-0 17. Bd4 Qf7 18. Qh4 Kh7 19. Nb1 c5 20. Bf2 Bd7 21. Nd2 Qf6 22. Qxf6 Rxf6 23. Nc4 Ra6 24. Rd1 Nd5 25. Bh4 Rf8 26. c3 Re8 27. Bg3 Bb5 28. Rfe1 Nc7 29. Ne3 Rb8 30. d4 c4 31. Rd2 d5 32. Kf2 Rab6 33. Ree2 Ba4 34. Bh4 Ne8 35. Nf1 Nd6 36. Ng3 Ne4+ 37. Nxe4 fxe4 38. Ke3 R6b7 39. Bf6 Ra8 40. Be5 Ra6 41. Rf2 Bd7 42. g4 a4 43. a3 Rab6 44. h4 Be8 45. g5 h5 46. Rde2 Bd7 47. Rd2 1/2-1/2

[Event "COL-ch U16 Girls"]
[Site "Cartagena"]
[Date "2018.05.19"]
[Round "8"]
[White "Diaz, Luisa Fernanda"]
[Black "Leal, Dayana Vanessa"]
[Result "1-0"]
[WhiteElo "1680"]
[BlackElo "1412"]
[PlyCount "81"]
[EventDate "2018.05.15"]
[EventType "tourn"]
[EventRounds "9"]
[EventCountry "COL"]
[SourceTitle "CBM 184 Extra"]
[Source "ChessBase"]
[SourceDate "2018.06.28"]
[SourceVersion "1"]
[SourceVersionDate "2018.06.28"]
[SourceQuality "1"]

1. e4 e5 2. Nf3 Nc6 3. Bc4 Bc5 4. c3 Nf6 5. d3 d6 6. Bb3 h6 7. Nbd2 Qe7 8. h3 Be6 9. Bc2 0-0 10. 0-0 d5 11. Re1 dxe4 12. Nxe4 Nxe4 13. dxe4 Bc4 14. b3 Rad8 15. Bd2 Bd3 16. Qb1 Qd6 17. Be3 Bxe3 18. Rxe3 Bxc2 19. Qxc2 Rd7 20. Re2 Rfd8 21. Kf1 Qc5 22. Re3 Nb4 23. Qe2 Nd3 24. Qc2 a5 25. a4 c6 26. Kg1 Rd6 27. Rd1 Nb4 28. Rxd6 Nxc2 29. Rxd8+ Kh7 30. Red3 b5 31. R8d7 bxa4 32. bxa4 Kg8 33. Rb7 f6 34. Rd8+ Kh7 35. Rdd7 Qf8 36. Ra7 h5 37. Nh4 Kg8 38. Nf5 g6 39. Rg7+ Kh8 40. Rh7+ Kg8 41. Nh6+ 1-0

[Event "COL-ch U16 Girls"]
[Site "Cartagena"]
[Date "2018.05.19"]
[Round "7"]
[White "Ruiz Jaraba, Valentina Sofia"]
[Black "Diaz, Luisa Fernanda"]
[Result "1-0"]
[WhiteElo "1635"]
[BlackElo "1680"]
[PlyCount "89"]
[EventDate "2018.05.15"]
[EventType "tourn"]
[EventRounds "9"]
[EventCountry "COL"]
[SourceTitle "CBM 184 Extra"]
[Source "ChessBase"]
[SourceDate "2018.06.28"]
[SourceVersion "1"]
[SourceVersionDate "2018.06.28"]
[SourceQuality "1"]

1. e4 c5 2. Nf3 e6 3. d4 cxd4 4. Nxd4 a6 5. c4 Nf6 6. Bd3 Qc7 7. 0-0 d6 8. f4 b6 9. Qe2 Nbd7 10. b4 Bb7 11. Nd2 Be7 12. Bb2 h5 13. N2f3 Rc8 14. a3 Qb8 15. Rae1 Ng4 16. h3 Nh6 17. e5 0-0 18. Bc1 Rce8 19. Ng5 Bxg5 20. fxg5 Nf5 21. Nxf5 exf5 22. Qxh5 Nxe5 23. Bc2 Be4 24. Bxe4 fxe4 25. Rxe4 Ng6 26. Rxe8 Qxe8 27. Qf3 Qa8 28. Qd3 Qc6 29. Be3 Ne5 30. Qd4 Qxc4 31. Qxb6 Qc6 32. Qd4 Rd8 33. Qf4 Qd7 34. Bd4 Qe6 35. h4 Ng6 36. Qg3 Qe4 37. Qf2 Qd5 38. h5 Ne5 39. h6 Ng4 40. Qf4 Ne5 41. hxg7 Ng6 42. Qf6 Re8 43. Rf3 Qa2 44. Rh3 Re1+ 45. Kh2 1-0